Traian Vuia Int. Airport Destinations, Timisoara, Romania - Statistics

General Stats
  • This quiz has been taken 17 times
  • The average score is 22 of 29
Answer Stats
Country Destination % Correct
Spain Barcelona
100%
Belgium Brussels Charleroi
100%
United Arab Emirates Dubai
100%
United Kingdom London Luton
100%
Spain Madrid
100%
Italy Milan Bergamo
100%
Germany Munich
100%
France Paris Beauvais
100%
Italy Rome Ciampino
100%
Italy Rome Fiumicino
100%
Romania Bucharest Otopeni
94%
Italy Bari
88%
Spain Palma de Mallorca
88%
Spain Valencia
88%
Italy Venice
88%
Turkey Antalya
81%
Egypt Hurghada
81%
Italy Bologna
75%
Egypt Sharm el-Sheikh
75%
Greece Heraklion
69%
Greece Rhodes
63%
Greece Corfu
56%
Germany Dortmund
50%
Tunisia Monastir
50%
Greece Zakynthos
50%
Germany Memmingen
31%
Greece Patras
31%
Germany Karlsruhe/Baden-Baden
25%
Italy Treviso
25%
No matching quizzes found
Score Distribution
Percent of People with Each Score
Percentile by Number Answered
Your Score History
You have not taken this quiz